Aktívne opatrenia na trhu práce po prijatí zákona č. 52/2010 Z.z.
Dňa 11. februára 2010 bol prijatý zákon č. 52/2010, ktorým sa mení a dopĺňa zákon č. 5/2004 Z.z. o službách zamestnanosti a o zmene a doplnení niektorých zákonov v z.n.p. a ktorým sa menia a dopĺňajú niektoré zákony. Zákon nadobudol účinnosť 1. marca 2010.
Uložené v:
| Hlavný autor: | |
|---|---|
| Médium: | Kapitola |
| Jazyk: | Slovak |
| Predmet: | |
| Tagy: |
Žiadne tagy, Buďte prvý, kto otaguje tento záznam!
|
MARC
| LEADER | 00000naa$a2200000$$$4500 | ||
|---|---|---|---|
| 001 | 0116451 | ||
| 005 | 20231127105425.0 | ||
| 041 | 0 | |a slo | |
| 044 | |a SK | ||
| 245 | 1 | 0 | |a Aktívne opatrenia na trhu práce po prijatí zákona č. 52/2010 Z.z. |c Tatiana Mičudová |
| 520 | |a Dňa 11. februára 2010 bol prijatý zákon č. 52/2010, ktorým sa mení a dopĺňa zákon č. 5/2004 Z.z. o službách zamestnanosti a o zmene a doplnení niektorých zákonov v z.n.p. a ktorým sa menia a dopĺňajú niektoré zákony. Zákon nadobudol účinnosť 1. marca 2010. | ||
| 610 | 2 | 0 | |a trh práce |
| 610 | 2 | 0 | |a zákony |
| 610 | 2 | 0 | |a novelizácia |
| 610 | 2 | 0 | |a Slovensko |
| 100 | 1 | |a Mičudová, Tatiana | |